Essentials of nursing practice / (Record no. 79055)
[ view plain ]
| 000 -LEADER | |
|---|---|
| fixed length control field | 01135nam a2200277Ia 4500 |
| 003 - CONTROL NUMBER IDENTIFIER | |
| control field | URS |
| 005 - DATE AND TIME OF LATEST TRANSACTION | |
| control field | 20250616160947.0 |
| 008 - FIXED-LENGTH DATA ELEMENTS--GENERAL INFORMATION | |
| fixed length control field | 240418s9999 xx 000 0 und d |
| 020 ## - INTERNATIONAL STANDARD BOOK NUMBER | |
| International Standard Book Number | 9781473929579 (pbk.) |
| 040 ## - CATALOGING SOURCE | |
| Language of cataloging | English |
| Transcribing agency | URS |
| Description conventions | rda |
| 050 ## - LIBRARY OF CONGRESS CALL NUMBER | |
| Classification number | RT71 |
| Item number | .Es74 2015 |
| 100 ## - MAIN ENTRY--PERSONAL NAME | |
| Personal name | Delves-Yates, Catherine, |
| Relator term | editor. |
| 245 #0 - TITLE STATEMENT | |
| Title | Essentials of nursing practice / |
| Statement of responsibility, etc | [edited by] Catherine Delves-Yates. |
| 264 ## - PUBLICATION, DISTRIBUTION, ETC. (IMPRINT) | |
| Place of publication, distribution, etc | Thousand Oaks, CA : |
| Name of publisher, distributor, etc | SAGE Publications Ltd, |
| Date of publication, distribution, etc | ©2015. |
| 300 ## - PHYSICAL DESCRIPTION | |
| Extent | xxiii, 712 pages : |
| Other physical details | illustrations ; |
| Dimensions | 27 cm. |
| 336 ## - CONTENT TYPE | |
| Content type term | text |
| Content type code | txt |
| Source | rdacontent |
| 337 ## - MEDIA TYPE | |
| Media type term | unmediated |
| Media type code | n |
| Source | rdamedia |
| 338 ## - CARRIER TYPE | |
| Carrier type term | volume |
| Carrier type code | nc |
| Source | rdacarrier |
| 504 ## - BIBLIOGRAPHY, ETC. NOTE | |
| Bibliography, etc | Includes bibliographical references and index. |
| 505 ## - FORMATTED CONTENTS NOTE | |
| Formatted contents note | Part A. Learning To Be A Nurse -- Part B. Professional Practice -- Part C. Fundamentals Of Nursing Care -- Part D. Skills For Nursing Care -- Part E. Contexts Of Nursing Care. |
| 650 #0 - SUBJECT ADDED ENTRY--TOPICAL TERM | |
| Topical term or geographic name as entry element | Nursing |
| General subdivision | Textbooks. |
| 9 (RLIN) | 1348 |
| 650 #0 - SUBJECT ADDED ENTRY--TOPICAL TERM | |
| Topical term or geographic name as entry element | Nursing |
| Form subdivision | Study and teaching |
| Geographic subdivision | Great Britain. |
| 9 (RLIN) | 1083 |
| 650 #0 - SUBJECT ADDED ENTRY--TOPICAL TERM | |
| Topical term or geographic name as entry element | Nursing practice |
| General subdivision | Textbooks. |
| 9 (RLIN) | 1349 |
| 700 ## - ADDED ENTRY--PERSONAL NAME | |
| Personal name | Delves-Yates, Catherine, |
| Relator term | editor. |
| 9 (RLIN) | 6195 |
| 942 ## - ADDED ENTRY ELEMENTS (KOHA) | |
| Koha item type | Foreign Books |
| Source of classification or shelving scheme | Library of Congress Classification |
| Withdrawn status | Lost status | Source of classification or shelving scheme | Damaged status | Not for loan | Collection code | Home library | Current library | Shelving location | Date acquired | Source of acquisition | Total Checkouts | Full call number | Barcode | Date last seen | Copy number | Koha item type |
|---|---|---|---|---|---|---|---|---|---|---|---|---|---|---|---|---|
| Library of Congress Classification | Non-fiction | Taytay College Library | Taytay College Library | Foreign Section | 04/19/2024 | Donation | RT71 .Es74 2015 | URSTAY-5415 | 04/19/2024 | 1 | Foreign Books |